|
|
|
|
| LEADER |
00000nab a2200000 a 4500 |
| 001 |
vtls009184703 |
| 003 |
SK-MaSNL |
| 005 |
20260303213025.0 |
| 008 |
080215 2008 xo w 000 0 slo |
| 038 |
|
|
|a LVTK
|
| 040 |
|
|
|a LVTK
|b slo
|e ACCR2
|c LVTK
|
| 041 |
|
|
|a slo
|
| 044 |
|
|
|a xo
|c SK
|
| 080 |
|
|
|a 373.5/.6
|2 2001
|
| 245 |
0 |
0 |
|a Stredná priemyselná škola - škola s veľkými možnosťami
|b identifikačné údaje školy
|
| 300 |
|
|
|b Fotogr.
|
| 610 |
2 |
7 |
|a Stredná priemyselná škola (Levice, Slovensko)
|2 lvtk
|9 1246415
|
| 650 |
0 |
7 |
|a stredné školy
|2 SNKPH
|9 1279
|
| 650 |
0 |
7 |
|a prezentácie
|2 lvtk
|9 353798
|
| 651 |
|
7 |
|a Levice (Slovensko)
|2 SNKPH
|9 55713
|
| 773 |
0 |
|
|t Pohronie
|g Roč. 63 , č. 5 (2008), s. 15
|
| 852 |
|
|
|a LVTK
|b KIS3GCP
|
| 999 |
|
|
|c 2210285
|d 2212215
|